000 00714nam a2200217 a 4500
001 73393
003 BD-RjUL
005 20211209082405.0
008 170530s1976 bg ||||| |||| 001 0 eng d
035 _a(BD-RjUL)73611
040 _aBD-RjUL
_beng
_cBD-RjUL
041 _aeng
082 _223
_a630.5492
_bBAB 1976
110 _aBangladesh Agricultural University. Old Boys' Association.
_9217103
245 1 0 _aBangladesh agricultural sciences abstracts /
_cBangladesh Agricultural University. Old Boys' Association.
260 _aMymensingh :
_bBangladesh Agricultural University
_c1976.
300 _av. ;
_c25 cm.
500 _aIncludes index
650 _aAgricultural
_vBangladesh
_9217099
942 _2ddc
_cBK
999 _c73393
_d73393